Združenie ako forma podnikateľskej činnosti

Právna úprava združenia podnikateľov podľa Občianskeho zákonníka, par. 829 až 841. Založenie združenia. Obsah zmluvy o združení. Povinnosti účastníkov združenia. Majetkové hodnoty poskytnuté združeniu. Rozhodovanie účastníkov združenia. Zánik účasti v združení a zánik zmluvy o združení.

Saved in:
Bibliographic Details
Main Author: Vajdová, Iveta
Format: Book Chapter
Language:Slovak
Subjects:
Tags: Add Tag
No Tags, Be the first to tag this record!

MARC

LEADER 00000naa a2200000 4500
001 r036437
005 20230911130731.0
041 0 |a slo 
044 |a SK 
245 1 0 |a Združenie ako forma podnikateľskej činnosti  |c Iveta Vajdová 
520 |a Právna úprava združenia podnikateľov podľa Občianskeho zákonníka, par. 829 až 841. Založenie združenia. Obsah zmluvy o združení. Povinnosti účastníkov združenia. Majetkové hodnoty poskytnuté združeniu. Rozhodovanie účastníkov združenia. Zánik účasti v združení a zánik zmluvy o združení. 
610 2 0 |a združenia 
610 2 0 |a podnikanie 
610 2 0 |a zákonník občiansky 
610 2 0 |a zmluvy 
610 2 0 |a majetok 
610 2 0 |a záväzky 
610 2 0 |a zánik práva 
100 1 |a Vajdová, Iveta